000 01536cam a22003131i 4500
003 SA-RiAUC
005 20250729054850.0
008 250725s2005 su g f00010bara c
020 _a9960880834
040 _aSA-JeKAU
_bara
_cSA-RiAUC
_erda
050 4 _bR39 2005
082 0 4 _a922.117
_qSA-RiAUC
090 _a922.117
_b ر ي ك
100 1 _aالريكي، حسن بن جمال بن أحمد
_eمؤلف.
245 1 0 _aلمع الشهاب في سيرة محمد عبد الوهاب /
_cتأليف حسن بن جمال بن أحمد الريكي ؛ درسه وحققه وعلق عليه عبد الله الصالح العثيمين.
264 1 _aالرياض :
_bدارة الملك عبد العزيز،
_c2005
300 _a352 صفحة ؛
_c24 سم.
336 _aنص
_btxt
_2rdacontent
_3كتاب
337 _aبدون وسيط
_bn
_2rdamedia
338 _aمجلد
_bnc
_2rdacarrier
490 0 _aإصدارات دارة الملك عبد العزيز ؛
_v177
600 1 7 _aابن عبد الوهاب، محمد بن عبد الوهاب بن سليمان،
_d1115-1206 هجري
_2aucnm
650 7 _aالوهابية
_xتاريخ
_2aucsh
650 7 _aالسلفية
_2aucsh
700 1 2 _iتحقيق لـ (عمل) :
_aالريكي، حسن بن جمال بن أحمد.
_tلمع الشهاب في سيرة محمد بن عبد الوهاب
700 1 _aالعثيمين، عبد الله بن صالح،
_d1356 هجري-
_eمحقق.
942 _2ddc
_cBOOK
_n0
949 _aSA-JeALM
_d250725
_umohamedma123
_n1
999 _c10365
_d10365